| 000 | 00612nam a22002297a 4500 | ||
|---|---|---|---|
| 005 | 20260417123708.0 | ||
| 008 | 260417b |||||||| |||| 00| 0 eng d | ||
| 020 |
_a978-93-5849-188-4 _c390 |
||
| 040 | _aMAIN | ||
| 041 | _aeng | ||
| 082 |
_a371.26 _bDEK |
||
| 100 |
_aDeka,N. _qNabanita |
||
| 245 | _aMeasurement and Evaluation in Education | ||
| 250 | _a1st Ed. | ||
| 260 |
_aDibrugarh _bPradyut Hazarika, Banalata _c2025 |
||
| 300 |
_a382 p. ; _c18 x 25 cm |
||
| 505 | _aNEP 6th Semester Minor | ||
| 650 | _aEducation | ||
| 700 | _bAli, Lokman | ||
| 700 | _bBhattacharyya, Pulok | ||
| 942 |
_2ddc _cBK |
||
| 999 |
_c16359 _d16359 |
||